000 01080nam a22003137a 4500
003 CHAP
005 20220329140133.0
008 971013s1949 r 00010 d
010 _a47505
011 _a48477
035 _a52623
040 _cCHAP
082 _a631.8
_bV36
100 0 0 _aVan Vuren, Johannes Petrus Jansen.
_9117821
245 _aSoil fertility and sewage, and account of pioneer work in South Africa in the disposal of town wastes
260 _aLondon :
_bFaber and Faber,
_c1949
300 _a236 p.
_b: ilus.
590 _aBATCH-UPD
_b10
_c20130110
_lUCH01
_h0108
590 _aBATCH-UPD
_b10
_c20130110
_lUCH01
_h1212
590 _aBATCH-UPD
_b10
_c20130409
_lUCH01
_h2059
590 _aBATCH-UPD
_b10
_c20130913
_lUCH01
_h2309
590 _aCONVERSION
_b10
_c20130109
_lUCH01
_h1326
650 1 4 _aAguas residuales
_xDistribución.
_92586
650 1 4 _aFertilizantes y abonos.
_940646
901 _aBK
942 _cLIBRO
949 _a631.8 V36
_bBC
_cLIBRO
_d-117132
_eLIBRO
_h21990
_i52623
_si
949 _a631.8 V36
_bBC
_cLIBRO
_d-117133
_eLIBRO
_fc.2
_h21991
_i52623
_si
999 _c47505
_d47505